How many cities can you name in Idaho? - Statistics

General Stats
  • This quiz has been taken 122 times
  • The average score is 35 of 237
Answer Stats
County Population Answer % Correct
Ada 235,684 Boise
95%
Bonneville 64,818 Idaho Falls
76%
Canyon 100,200 Nampa
76%
Twin Falls 51,807 Twin Falls
76%
Ada 117,635 Meridian
70%
Bannock 56,320 Pocatello
70%
Kootenai 54,628 Coeur d'Alene
65%
Nez Perce 34,203 Lewiston
54%
Ada 30,346 Eagle
51%
Canyon 59,996 Caldwell
49%
Latah 25,435 Moscow
49%
Elmore 15,979 Mountain Home
49%
Jerome 12,349 Jerome
46%
Kootenai 38,485 Post Falls
46%
Madison 39,409 Rexburg
46%
Ada 24,011 Kuna
41%
Boundary 2,520 Bonners Ferry
38%
Gooding 3,707 Gooding
38%
Ada 11,117 Star
38%
Blaine 1,783 Sun Valley
38%
Valley 3,686 McCall
35%
Ada 12,316 Garden City
32%
Lemhi 3,119 Salmon
32%
Bonner 8,639 Sandpoint
32%
Lincoln 1,653 Shoshone
32%
Bonneville 17,694 Ammon
30%
Bingham 12,346 Blackfoot
30%
Cassia 11,704 Burley
30%
Boise 466 Idaho City
30%
Payette 8,127 Payette
30%
Custer 116 Stanley
30%
Twin Falls 4,558 Buhl
27%
Bannock 15,570 Chubbuck
27%
Gem 7,647 Emmett
27%
Fremont 787 Teton
27%
Power 4,568 American Falls
24%
Franklin 1,025 Franklin
24%
Idaho 3,308 Grangeville
24%
Blaine 9,161 Hailey
24%
Kootenai 15,570 Hayden
24%
Clearwater 2,656 Orofino
24%
Shoshone 2,314 Kellogg
22%
Canyon 9,425 Middleton
22%
Lewis 458 Nez Perce
22%
Franklin 5,591 Preston
22%
Jefferson 5,038 Rigby
22%
Shoshone 791 Wallace
22%
Washington 5,630 Weiser
22%
Bingham 41 Atomic City
19%
Valley 1,005 Cascade
19%
Custer 902 Challis
19%
Valley 249 Donnelly
19%
Elmore 1,282 Glenns Ferry
19%
Blaine 3,555 Ketchum
19%
Bonneville 4,556 Lincoln
19%
Minidoka 86 Minidoka
19%
Idaho 372 Riggins
19%
Bingham 4,785 Shelley
19%
Benewah 2,357 St Maries
19%
Teton 2,157 Victor
19%
Butte 879 Arco
16%
Teton 1,984 Driggs
16%
Clark 511 Dubois
16%
Bingham 3,195 Fort Hall
16%
Payette 6,072 Fruitland
16%
Boise 715 Horseshoe Bend
16%
Twin Falls 4,626 Kimberly
16%
Bonner 941 Kootenai
16%
Bear Lake 2,643 Montpelier
16%
Kootenai 9,211 Rathdrum
16%
Minidoka 6,082 Rupert
16%
Caribou 3,133 Soda Springs
16%
Teton 308 Tetonia
16%
Latah 890 Troy
16%
Bingham 1,756 Aberdeen
14%
Kootenai 709 Athol
14%
Blaine 2,560 Bellevue
14%
Gooding 258 Bliss
14%
Idaho 822 Cottonwood
14%
Idaho 170 Elk City
14%
Camas 441 Fairfield
14%
Twin Falls 2,738 Filer
14%
Bingham 517 Firth
14%
Owyhee 440 Grand View
14%
Canyon 812 Greenleaf
14%
Elmore 332 Hammett
14%
Nez Perce 1,169 Lapwai
14%
Lemhi 98 Leadore
14%
Oneida 2,299 Malad City
14%
Canyon 1,229 Marsing
14%
Canyon 572 Melba
14%
Boundary 822 Moyie Springs
14%
Owyhee 96 Murphy
14%
Adams 517 New Meadows
14%
Payette 1,494 New Plymouth
14%
Canyon 609 Notus
14%
Shoshone 1,567 Osburn
14%
Canyon 2,096 Parma
14%
Fremont 3,606 St Anthony
14%
Kootenai 39 State Line
14%
Gooding 2,917 Wendell
14%
Fremont 949 Ashton
11%
Owyhee 121 Bruneau
11%
Butte 78 Butte City
11%
Nez Perce 413 Culdesac
11%
Latah 508 Deary
11%
Lincoln 284 Dietrich
11%
Jerome 393 Eden
11%
Gooding 968 Hagerman
11%
Kootenai 649 Hayden Lake
11%
Ada 3,076 Hidden Spring
11%
Canyon 2,881 Homedale
11%
Lewis 1,117 Kamiah
11%
Idaho 514 Kooskia
11%
Bannock 358 Lava Hot Springs
11%
Custer 439 Mackay
11%
Bingham 1,264 Moreland
11%
Jefferson 321 Mud Lake
11%
Shoshone 646 Mullan
11%
Bear Lake 541 Paris
11%
Minidoka 1,195 Paul
11%
Bonner 1,289 Ponderay
11%
Bonner 1,696 Priest River
11%
Jefferson 667 Ririe
11%
Madison 1,715 Sugar City
11%
Bonneville 225 Swan Valley
11%
Cassia 234 Albion
8%
Boise 22 Banks
8%
Bingham 357 Basalt
8%
Bear Lake 199 Bloomington
8%
Washington 335 Cambridge
8%
Blaine 685 Carey
8%
Bonner 513 Clark Fork
8%
Custer 10 Clayton
8%
Adams 867 Council
8%
Cassia 338 Declo
8%
Benewah 145 De Smet
8%
Bannock 571 Downey
8%
Boise 377 Garden Valley
8%
Latah 1,030 Genesee
8%
Caribou 920 Grace
8%
Twin Falls 1,086 Hansen
8%
Jerome 803 Hazelton
8%
Bonneville 2,717 Iona
8%
Fremont 193 Island Park
8%
Bannock 825 McCammon
8%
Jefferson 715 Menan
8%
Bonner 221 Oldtown
8%
Shoshone 1,679 Pinehurst
8%
Benewah 1,015 Plummer
8%
Bingham 930 Riverside
8%
Jefferson 500 Roberts
8%
Bingham 291 Rockford
8%
Idaho 171 Stites
8%
Bonneville 1,160 Ucon
8%
Idaho 83 White Bird
8%
Canyon 1,597 Wilder
8%
Lewis 356 Winchester
8%
Valley 32 Yellow Pine
8%
Minidoka 131 Acequia
5%
Bannock 354 Arimo
5%
Ada 1,255 Avimor
5%
Caribou 299 Bancroft
5%
Bear Lake 236 Bennington
5%
Bonner 379 Blanchard
5%
Latah 191 Bovill
5%
Twin Falls 215 Castleford
5%
Bonner 138 Coolin
5%
Lewis 458 Craigmont
5%
Boise 154 Crouch
5%
Kootenai 2,537 Dalton Gardens
5%
Franklin 510 Dayton
5%
Bonner 752 Dover
5%
Bonner 229 East Hope
5%
Clearwater 139 Elk River
5%
Idaho 133 Ferdinand
5%
Kootenai 164 Fernan Lake Village
5%
Benewah 337 Fernwood
5%
Bear Lake 503 Georgetown
5%
Bingham 982 Groveland
5%
Kootenai 233 Harrison
5%
Minidoka 3,700 Heyburn
5%
Bonner 98 Hope
5%
Kootenai 104 Huetter
5%
Latah 288 Kendrick
5%
Bonner 434 Laclede
5%
Jefferson 421 Lewisville
5%
Boise 44 Lowman
5%
Washington 193 Midvale
5%
Elmore 3,191 Mountain Home AFB
5%
Twin Falls 114 Murtaugh
5%
Fremont 337 Newdale
5%
Fremont 302 Parker
5%
Clearwater 467 Pierce
5%
Boise 48 Placerville
5%
Latah 763 Potlatch
5%
Latah 193 Princeton
5%
Lincoln 431 Richfield
5%
Power 242 Rockland
5%
Shoshone 670 Smelterville
5%
Clark 31 Spencer
5%
Kootenai 2,337 Spirit Lake
5%
Bear Lake 161 St. Charles
5%
Nez Perce 155 Sweetwater
5%
Benewah 84 Tensed
5%
Bannock 1,130 Tyhee
5%
Latah 135 Viola
5%
Fremont 4 Warm River
5%
Clearwater 400 Weippe
5%
Franklin 511 Weston
5%
Kootenai 253 Worley
5%
Kootenai 73 Conkling Park
3%
Fremont 13 Drummond
3%
Kootenai 761 Hauser
3%
Bannock 792 Incom
3%
Bonneville 259 Irwin
3%
Gem 161 Letha
3%
Cassia 167 Malta
3%
Butte 162 Moore
3%
Cassia 786 Oakley
3%
Latah 196 Onaway
3%
Franklin 42 Oxford
3%
Benewah 60 Parkline
3%
Nez Perce 166 Peck
3%
Lewis 46 Reubens
3%
Boise 1,193 Robie Creek
3%
Kootenai 325 Rockford Bay
3%
Shoshone 594 Silverton
3%
Valley 63 Smiths Ferry
3%
Shoshone 192 Wardner
3%
Power 666 Arbon Valley
0%
Franklin 413 Clifton
0%
Blaine 174 Gannett
0%
Jefferson 83 Harner
0%
Twin Falls 243 Hollister
0%
Latah 624 Juilaetta
0%
Custer 42 Lost River
0%
No matching quizzes found
Score Distribution
Percent of People with Each Score
Percentile by Number Answered
Your Score History
You have not taken this quiz